[Event "Saint Chély d'Aubrac Op"]
[Site "Saint Chély d'Aubrac"]
[Date "2004.07.18"]
[Round "2.24"]
[White "Lengert, Vincent"]
[Black "Sivan, Michel"]
[Result "0-1"]
[WhiteElo "1690"]
[BlackElo "1984"]
[PlyCount "81"]
[EventDate "2004.07.??"]

1. e4 d6 2. Bc4 Nf6 3. Nc3 e5 4. Nf3 Be7 5. d3 O-O 6. h3 Nc6 7. Be3 Na5 8. Bb3
Nxb3 9. axb3 a6 10. d4 Nd7 11. dxe5 Nxe5 12. Nb5 Bd7 13. Nbd4 Bf6 14. Qd2 Nxf3+
15. gxf3 c5 16. Ne2 Be6 17. Rg1 g6 18. O-O-O Rc8 19. Nf4 c4 20. Nxe6 fxe6 21.
bxc4 Rc6 22. Qb4 Rf7 23. c5 d5 24. exd5 exd5 25. Qb3 d4 26. Qc4 b5 27. Qb4 Qd5
28. Bxd4 Bxd4 29. Qxd4 Qxd4 30. Rxd4 Rxc5 31. Rg3 Rfc7 32. c3 a5 33. Kb1 Re5
34. f4 Re1+ 35. Ka2 Re2 36. Rf3 Kg7 37. Rd5 Rb7 38. f5 b4 39. c4 a4 40. Ka1
Re1+ 41. Ka2 0-1

[Event "Saint Chély d'Aubrac Op"]
[Site "Saint Chély d'Aubrac"]
[Date "2004.07.18"]
[Round "2.25"]
[White "De Lagontrie, Jean"]
[Black "Dury, Renaud"]
[Result "1/2-1/2"]
[WhiteElo "1968"]
[BlackElo "1690"]
[PlyCount "84"]
[EventDate "2004.07.??"]

1. d4 d5 2. c4 e6 3. Nc3 Nf6 4. cxd5 exd5 5. Bg5 Nbd7 6. Qc2 c6 7. e3 Qa5 8.
Bd3 Bd6 9. Nf3 O-O 10. O-O Re8 11. Bh4 Qc7 12. Rfc1 a6 13. Rab1 h6 14. b4 Qd8
15. a4 b5 16. a5 Nf8 17. Bg3 Bxg3 18. hxg3 N8d7 19. Ne2 Bb7 20. Bf5 Nb8 21. Ne5
Re7 22. Nf4 Ne8 23. Rb3 Nd6 24. Bh7+ Kf8 25. Rc3 Nc4 26. Bd3 Nxe5 27. dxe5 Rxe5
28. Be2 Nd7 29. Bf3 Nf6 30. Nd3 Re7 31. Nc5 Bc8 32. Qd3 Kg8 33. e4 Re8 34. Rd1
Ra7 35. exd5 cxd5 36. Rcc1 Rae7 37. Kf1 Qd6 38. Re1 Rxe1+ 39. Rxe1 Rxe1+ 40.
Kxe1 Be6 41. Qd4 Nd7 42. Kd2 Ne5 1/2-1/2

[Event "Saint Chély d'Aubrac Op"]
[Site "Saint Chély d'Aubrac"]
[Date "2004.07.18"]
[Round "2.26"]
[White "Chokbengboun, Thomas"]
[Black "Tabaroni, Serge"]
[Result "1-0"]
[WhiteElo "1900"]
[BlackElo "1650"]
[PlyCount "87"]
[EventDate "2004.07.??"]

1. c4 Nf6 2. Nf3 g6 3. Nc3 Bg7 4. g3 O-O 5. Bg2 d6 6. O-O Nc6 7. d3 Bd7 8. Rb1
Qc8 9. Re1 a6 10. Bg5 h6 11. Bxf6 Bxf6 12. Qd2 Bg7 13. b4 Rb8 14. b5 Na7 15.
Nd5 Qd8 16. Nxc7 axb5 17. Nxb5 Nxb5 18. cxb5 Qb6 19. Rec1 Ra8 20. Qe3 Qxe3 21.
fxe3 Rfc8 22. Rxc8+ Rxc8 23. a4 b6 24. Nd4 Bxd4 25. exd4 Bg4 26. Kf2 Rc2 27.
Bf3 Bxf3 28. Kxf3 Kg7 29. Ra1 Kf6 30. a5 bxa5 31. Rxa5 Rc8 32. b6 Rb8 33. Rb5
Ke6 34. Ke4 f5+ 35. Kf4 d5 36. b7 g5+ 37. Kf3 h5 38. e4 fxe4+ 39. dxe4 dxe4+
40. Kxe4 Kf6 41. Rb6+ Kf7 42. Kd5 Ke8 43. Kc6 Kd8 44. Ra6 1-0

[Event "Saint Chély d'Aubrac Op"]
[Site "Saint Chély d'Aubrac"]
[Date "2004.07.19"]
[Round "2.27"]
[White "Wavresky, Andre"]
[Black "Guidez, Thomas"]
[Result "0-1"]
[WhiteElo "1640"]
[BlackElo "1892"]
[PlyCount "92"]
[EventDate "2004.07.??"]

1. e4 e6 2. Qe2 c5 3. Nf3 Nf6 4. g3 Nc6 5. Bg2 d5 6. d3 Be7 7. O-O O-O 8. Nbd2
Rb8 9. c3 b6 10. e5 Nd7 11. d4 cxd4 12. cxd4 Nb4 13. Qd1 Ba6 14. Re1 Rc8 15.
Bf1 Bxf1 16. Rxf1 Nc2 17. Rb1 b5 18. Nb3 a5 19. Bd2 a4 20. Ba5 Qe8 21. Nc1 Nb4
22. a3 Nc6 23. Bd2 Qd8 24. Ne2 Qb6 25. Be3 Na5 26. Nd2 Qa6 27. Nc3 Nb6 28. Rc1
Nbc4 29. Nxc4 Nxc4 30. Qe2 Rc6 31. Na2 Rfc8 32. Nc3 Nxa3 33. bxa3 Rxc3 34. Rxc3
Rxc3 35. Rb1 Rb3 36. Rxb3 axb3 37. Bc1 Qa4 38. Qb2 h6 39. Kg2 b4 40. axb4 Bxb4
41. Kg1 Ba3 42. Qb1 $4 (42. Qxa3 $18) 42... Bxc1 43. Qxc1 Qa2 44. Qc8+ Kh7 45.
Qc1 Qc2 46. Qe1 b2 0-1

[Event "Saint Chély d'Aubrac Op"]
[Site "Saint Chély d'Aubrac"]
[Date "2004.07.18"]
[Round "2.28"]
[White "Rabier, Jean"]
[Black "Pierre, Alexis"]
[Result "1-0"]
[WhiteElo "1870"]
[BlackElo "1580"]
[PlyCount "78"]
[EventDate "2004.07.??"]

1. e4 c5 2. Nf3 Nc6 3. Bb5 d6 4. c3 Bd7 5. O-O Nf6 6. Re1 e6 7. d4 cxd4 8. cxd4
Be7 9. Nc3 O-O 10. a3 Re8 11. e5 dxe5 12. dxe5 Nd5 13. Nxd5 exd5 14. Qxd5 Rc8
15. Bf4 Be6 16. Qxd8 Rexd8 17. Rad1 Bc5 18. Bg5 Rxd1 19. Rxd1 Nxe5 20. Nxe5 f6
21. Bf4 fxe5 22. Bxe5 Bb6 23. Bc3 Rf8 24. Rd2 a6 25. Ba4 Bc4 26. Bc2 Be3 27.
Bb3 Bxb3 28. fxe3 Bc4 29. h3 Be6 30. Rf2 Re8 31. Bd4 Bd5 32. Rf5 Bc6 33. Kf2
Rc8 34. Bc3 Re8 {(=)} 35. h4 Re4 36. Rf4 Re6 37. g4 Rd6 38. g5 Be8 39. Bb4 Rc6
1-0

[Event "Saint Chély d'Aubrac Op"]
[Site "Saint Chély d'Aubrac"]
[Date "2004.07.18"]
[Round "2.29"]
[White "Bou, Georges"]
[Black "Tatinian, William"]
[Result "0-1"]
[WhiteElo "1570"]
[BlackElo "1860"]
[PlyCount "64"]
[EventDate "2004.07.??"]

1. e4 e6 2. d4 d5 3. Nc3 dxe4 4. Nxe4 Nd7 5. Bd3 Ngf6 6. Nxf6+ Nxf6 7. Nf3 b6
8. O-O Bb7 9. Re1 Be7 10. Bb5+ c6 11. Bf1 O-O 12. Bg5 Rc8 13. c3 h6 14. Bh4 c5
15. dxc5 Rxc5 16. Nd4 Qd7 17. f3 Rfc8 18. Bf2 a6 19. Nb3 Rd5 20. Qc2 b5 21.
Rad1 Rd8 22. Be2 Qc7 23. Rxd5 Rxd5 24. Bg3 Bd6 25. Bxd6 Qxd6 26. Rd1 Qb6+ 27.
Kf1 Rh5 28. h3 Nd5 29. Rxd5 Rxd5 30. Nd4 Qc5 31. b4 Qc7 32. Kf2 Rxd4 0-1

[Event "Saint Chély d'Aubrac Op"]
[Site "Saint Chély d'Aubrac"]
[Date "2004.07.18"]
[Round "2.30"]
[White "Giraud, Sylvain"]
[Black "Gazel, Bruno"]
[Result "1-0"]
[WhiteElo "1850"]
[BlackElo "1520"]
[PlyCount "73"]
[EventDate "2004.07.??"]

1. e4 e5 2. Nf3 Nc6 3. Bb5 a6 4. Ba4 Nf6 5. O-O b5 6. Bb3 Be7 7. c3 O-O 8. Re1
d6 9. h3 Na5 10. Bc2 c5 11. d4 Nc6 12. d5 Nb8 13. Nbd2 Re8 14. Nf1 Nbd7 15. a4
b4 16. Ne3 Nf8 17. a5 bxc3 18. bxc3 Ng6 19. Nc4 Rb8 20. Bd3 Bd7 21. Nb6 Bb5 22.
Qe2 Nd7 23. c4 Nxb6 24. cxb5 c4 25. Bc2 Nd7 26. b6 Nf4 27. Bxf4 exf4 28. Ba4
Bf6 29. Ra2 Re7 30. Bxd7 Qxd7 31. Qxc4 g5 32. Qxa6 g4 33. hxg4 Qxg4 34. Qd3 Kh8
35. Nh2 Qg7 36. a6 Rg8 37. Qf3 1-0

[Event "Saint Chély d'Aubrac Op"]
[Site "Saint Chély d'Aubrac"]
[Date "2004.07.18"]
[Round "2.31"]
[White "Alexiev, Ivan"]
[Black "Sidibe, Malika"]
[Result "1-0"]
[WhiteElo "1499"]
[BlackElo "1820"]
[PlyCount "49"]
[EventDate "2004.07.??"]

1. d4 d5 2. Nf3 Nf6 3. Bg5 h6 4. Bh4 Nbd7 5. Nbd2 e6 6. e3 Be7 7. Bd3 O-O 8. c3
c5 9. O-O Re8 10. Ne5 Nh7 11. Bg3 Nhf8 12. Qh5 f5 13. Ndf3 c4 14. Bc2 Bf6 15.
Ba4 a6 16. Qf7+ Kh7 17. Qh5 b5 18. Nf7 Qb6 19. Bc2 Ng6 20. N7g5+ Bxg5 21. Nxg5+
Kg8 22. Qxg6 Nf6 23. Nh7 Qd8 24. Nxf6+ Qxf6 25. Qxe8+ 1-0

[Event "Saint Chély d'Aubrac Op"]
[Site "Saint Chély d'Aubrac"]
[Date "2004.07.18"]
[Round "2.33"]
[White "Perrin, Yannick"]
[Black "Richard, Emma"]
[Result "0-1"]
[WhiteElo "1480"]
[BlackElo "1810"]
[PlyCount "104"]
[EventDate "2004.07.??"]

1. e4 e6 2. d4 d5 3. e5 c5 4. c3 Nc6 5. Nf3 Qb6 6. Be2 Nge7 7. Qb3 Qxb3 8. axb3
cxd4 9. cxd4 a6 10. Bb5 Bd7 11. Bxc6 Nxc6 12. O-O Be7 13. Nc3 O-O 14. Be3 Rac8
15. Rfc1 Nb4 16. Ne1 Rc7 17. Na4 Rfc8 18. Nb6 Rxc1 19. Bxc1 Rc7 20. Nxd7 Rxd7
21. Be3 Rc7 22. Rc1 Rxc1 23. Bxc1 Nc6 24. Be3 Na5 25. Nd3 Nxb3 26. Nc5 Nxc5 27.
dxc5 Kf8 28. Kf1 Ke8 29. Ke2 Kd7 30. Kd3 Kc6 31. b4 Kb5 32. Bd2 f6 33. f4 fxe5
34. fxe5 a5 35. bxa5 Bxc5 36. Kc2 Bd4 37. Bc3 Bxc3 38. Kxc3 Kxa5 39. Kd4 Kb4
40. g4 g5 41. h3 h6 42. Kd3 Kc5 43. Kc3 b5 44. Kb3 b4 45. Kb2 d4 46. Kb3 d3 47.
Kb2 Kc4 48. Kc1 Kc3 49. Kb1 d2 50. h4 d1=Q+ 51. Ka2 b3+ 52. Ka3 Qa1# 0-1

[Event "Saint Chély d'Aubrac Op"]
[Site "Saint Chély d'Aubrac"]
[Date "2004.07.18"]
[Round "2.35"]
[White "Ruetsch, Johan"]
[Black "Mathis, Julien"]
[Result "0-1"]
[WhiteElo "1430"]
[BlackElo "1780"]
[PlyCount "68"]
[EventDate "2004.07.??"]

1. e4 c5 2. Nc3 d6 3. Nf3 e6 4. Be2 Nc6 5. O-O Nf6 6. d3 Be7 7. h3 a6 8. d4
cxd4 9. Nxd4 Qc7 10. Bg4 Nxg4 11. Qxg4 Bf6 12. Be3 Nxd4 13. Bxd4 Bxd4 14. Ne2
Bxb2 15. Rab1 Bf6 16. Nf4 g6 17. Rbd1 O-O 18. Rd2 Qb8 19. Rfd1 e5 20. Qf3 exf4
21. Qxf4 Be5 22. Qh6 Be6 23. f4 Bg7 24. Qg5 Rd8 25. e5 d5 26. c4 Qc7 27. cxd5
Qc5+ 28. Kh2 Rxd5 29. g3 f6 30. Qh4 Rad8 31. Rxd5 Rxd5 32. Rxd5 Bxd5 33. g4
Qc2+ 34. Kg3 Qg2# 0-1

[Event "Saint Chély d'Aubrac Op"]
[Site "Saint Chély d'Aubrac"]
[Date "2004.07.18"]
[Round "2.36"]
[White "Croux, Laurent"]
[Black "Capron, Michel"]
[Result "1-0"]
[WhiteElo "1770"]
[BlackElo "1400"]
[PlyCount "39"]
[EventDate "2004.07.??"]

1. e4 e5 2. Nf3 Nc6 3. Bc4 Bc5 4. d3 Nf6 5. Bg5 d6 6. h3 Be6 7. Nbd2 Na5 8.
Bxe6 fxe6 9. c3 Nc6 10. O-O Qe7 11. a4 a5 12. Qb3 b6 13. Qc2 h6 14. Bh4 g5 15.
Bg3 Nh5 16. Bh2 Kd7 17. Nb3 Rhg8 18. d4 exd4 19. cxd4 Bb4 20. Rac1 1-0

[Event "Saint Chély d'Aubrac Op"]
[Site "Saint Chély d'Aubrac"]
[Date "2004.07.18"]
[Round "2.38"]
[White "Lagunes, Matthieu"]
[Black "Lagunes, Robin"]
[Result "1-0"]
[WhiteElo "1730"]
[BlackElo "1320"]
[PlyCount "65"]
[EventDate "2004.07.??"]

1. e4 e5 2. Bc4 Nf6 3. Nc3 Bb4 4. d3 h6 5. Nf3 Nc6 6. a3 Ba5 7. b4 Bb6 8. Nd5
Nxd5 9. exd5 Ne7 10. Nxe5 d6 11. Bb5+ c6 12. dxc6 O-O 13. cxb7 Bxb7 14. Nf3 Nc6
15. O-O Qf6 16. Be3 Bc7 17. d4 Qf5 18. Bd3 Qh5 19. h3 Rfe8 20. d5 Qxd5 21. Bh7+
Kxh7 22. Qxd5 Nd8 23. Qf5+ g6 24. Qd7 Ne6 25. Qxf7+ Ng7 26. Qxc7 Bxf3 27. gxf3
Rf8 28. Bd4 Rg8 29. Rae1 Rac8 30. Qxa7 Rxc2 31. Re7 h5 32. Rxg7+ Rxg7 33. Qxg7#
1-0

[Event "Saint Chély d'Aubrac Op"]
[Site "Saint Chély d'Aubrac"]
[Date "2004.07.18"]
[Round "2.39"]
[White "Carabetta, Gaetan"]
[Black "Baudry, Alain"]
[Result "1/2-1/2"]
[WhiteElo "1300"]
[BlackElo "1710"]
[PlyCount "63"]
[EventDate "2004.07.??"]

1. d4 d5 2. c4 c6 3. Nc3 Nf6 4. Bg5 e6 5. e3 Be7 6. Nf3 Nbd7 7. Be2 h6 8. Bh4
dxc4 9. Bxc4 Nb6 10. Be2 O-O 11. O-O Nbd5 12. Bd3 Nb4 13. Bb1 b6 14. Re1 Bb7
15. a3 Nbd5 16. Nxd5 Nxd5 17. Bxe7 Qxe7 18. Qd3 f5 19. e4 Nf4 20. Qc2 c5 21.
dxc5 Bxe4 22. Qc1 Nd3 23. Bxd3 Bxd3 24. cxb6 axb6 25. Qe3 Be4 26. Ne5 Qb7 27.
f3 Bd5 28. Rac1 Ra4 29. Ng6 Rf6 30. Nf4 Ba2 31. Nh5 Rg6 32. Nf4 1/2-1/2

[Event "Saint Chély d'Aubrac Op"]
[Site "Saint Chély d'Aubrac"]
[Date "2004.07.19"]
[Round "3.1"]
[White "Sokolov, Andrei"]
[Black "Crut, Aurelien"]
[Result "1-0"]
[WhiteElo "2583"]
[BlackElo "2355"]
[PlyCount "57"]
[EventDate "2004.07.??"]

1. e4 e6 2. d4 d5 3. Nc3 Bb4 4. e5 c5 5. a3 Bxc3+ 6. bxc3 Ne7 7. Qg4 Kf8 8. Nf3
Qc7 9. Bd2 b6 10. Bd3 Ba6 11. O-O Bxd3 12. cxd3 Nd7 13. a4 h6 14. a5 Rb8 15.
axb6 axb6 16. Nh4 Kg8 17. f4 Nf8 18. f5 exf5 19. Nxf5 Nxf5 20. Qxf5 Ne6 21.
dxc5 bxc5 22. Ra6 Qe7 23. h4 h5 24. Bg5 Nxg5 25. hxg5 Re8 26. Rd6 Rf8 27. g6
Rh6 28. gxf7+ Rxf7 29. Qxf7+ 1-0

[Event "Saint Chély d'Aubrac Op"]
[Site "Saint Chély d'Aubrac"]
[Date "2004.07.19"]
[Round "3.2"]
[White "Todorov, Ognjan"]
[Black "Apicella, Manuel"]
[Result "0-1"]
[WhiteElo "2349"]
[BlackElo "2532"]
[PlyCount "66"]
[EventDate "2004.07.??"]

1. d4 Nf6 2. Nf3 g6 3. Bf4 Bg7 4. e3 d6 5. h3 O-O 6. Be2 c5 7. O-O Nc6 8. c3
Be6 9. Nbd2 cxd4 10. exd4 Qb6 11. Nb3 a5 12. c4 a4 13. d5 axb3 14. Be3 Qb4 15.
a3 Qa4 16. dxe6 fxe6 17. Ng5 e5 18. Ne6 Rfc8 19. Nxg7 Kxg7 20. f4 d5 21. fxe5
Nxe5 22. cxd5 Rc2 23. Rf4 Qd7 24. Bd4 Qxd5 25. Bc3 Qc5+ 26. Kh1 Qe3 27. Rxf6
exf6 28. Bf1 Rc8 29. Qd6 R8xc3 30. bxc3 b2 31. Rb1 Rc1 32. Qe7+ Kh6 33. Qxf6
Rxb1 0-1

[Event "Saint Chély d'Aubrac Op"]
[Site "Saint Chély d'Aubrac"]
[Date "2004.07.19"]
[Round "3.3"]
[White "Meijers, Viesturs"]
[Black "Mullon, Jean-Baptiste"]
[Result "1-0"]
[WhiteElo "2477"]
[BlackElo "2327"]
[PlyCount "120"]
[EventDate "2004.07.??"]

1. e4 e6 2. d4 d5 3. exd5 exd5 4. Nf3 Nc6 5. c4 Nf6 6. Nc3 Be7 7. Be2 O-O 8.
O-O dxc4 9. Bxc4 Bg4 10. Be3 Nb4 11. h3 Bxf3 12. Qxf3 c6 13. Rad1 Qa5 14. Bb3
Rad8 15. Rfe1 Nbd5 16. Bd2 Qc7 17. Bg5 Rd7 18. Bxd5 Nxd5 19. Nxd5 cxd5 20. Bxe7
Rxe7 21. Rxe7 Qxe7 22. Qxd5 Rd8 23. Qc4 h6 24. d5 Rd6 25. a4 Qd7 26. b3 a6 27.
a5 Qd8 28. b4 Qd7 29. Kh2 Qf5 30. Qd4 Qd7 31. Rd3 g6 32. Qe5 Qd8 33. f4 Qd7 34.
g4 Kh7 35. f5 g5 36. Kg2 Qa4 37. Qd4 Qc2+ 38. Rd2 Qc1 39. Qd3 Kg7 40. Rc2 Qa1
41. Rd2 Qe5 {(=)} 42. Qc4 Kf6 43. Kf3 Rd7 44. Qe4 Qa1 45. Kf2 Qe5 46. Kf3 Qa1
47. Kg2 Qe5 48. Qc2 Rc7 49. Qd3 Rd7 50. d6 Qf4 51. Qc3+ Qe5 52. Qc5 Qf4 53. Rd5
Qe4+ 54. Kf2 Qf4+ 55. Ke2 Qe4+ 56. Kd2 Qg2+ 57. Kc1 Kg7 58. Qc3+ Kh7 59. Rd2
Qe4 60. Kb2 Qf4 {suite illisible} 1-0

[Event "Saint Chély d'Aubrac Op"]
[Site "Saint Chély d'Aubrac"]
[Date "2004.07.19"]
[Round "3.4"]
[White "Collas, Silvia"]
[Black "Popchev, Milko"]
[Result "1/2-1/2"]
[WhiteElo "2344"]
[BlackElo "2449"]
[PlyCount "20"]
[EventDate "2004.07.??"]

1. Nf3 c5 2. c4 g6 3. d4 cxd4 4. Nxd4 Bg7 5. e4 Nc6 6. Be3 Nf6 7. Nc3 O-O 8.
Be2 b6 9. O-O Bb7 10. f3 Nh5 1/2-1/2

[Event "Saint Chély d'Aubrac Op"]
[Site "Saint Chély d'Aubrac"]
[Date "2004.07.19"]
[Round "3.5"]
[White "Gaponenko, Inna"]
[Black "Olivier, Pierre"]
[Result "1-0"]
[WhiteElo "2448"]
[BlackElo "2224"]
[PlyCount "79"]
[EventDate "2004.07.??"]

1. e4 c5 2. Nf3 Nc6 3. Nc3 g6 4. d4 cxd4 5. Nxd4 Bg7 6. Be3 Nf6 7. Bc4 O-O 8.
Bb3 d6 9. f3 Bd7 10. h4 h5 11. Qd2 Nxd4 12. Bxd4 b5 13. g4 a5 14. gxh5 Nxh5 15.
Ne2 Bxd4 16. Nxd4 e6 17. a3 Qf6 18. O-O-O Rfb8 19. Qg5 a4 20. Qxf6 Nxf6 21. Ba2
b4 22. axb4 Rxb4 23. c3 Rb6 24. Nc2 Rab8 25. Nb4 Kf8 26. Rh2 Ke7 27. Bb1 e5 28.
Bc2 Rh8 29. Kb1 Rbb8 30. Ka2 Ra8 31. Ka3 Ra7 32. Rhd2 Rxh4 33. Rxd6 Be8 34. c4
Rh3 35. R1d3 g5 36. c5 g4 37. fxg4 Rxd3+ 38. Bxd3 Nxg4 39. Nd5+ Kf8 40. c6 1-0

[Event "Saint Chély d'Aubrac Op"]
[Site "Saint Chély d'Aubrac"]
[Date "2004.07.19"]
[Round "3.6"]
[White "Mrdja, Milan"]
[Black "Riff, Sebastien"]
[Result "1-0"]
[WhiteElo "2432"]
[BlackElo "2196"]
[PlyCount "47"]
[EventDate "2004.07.??"]

1. e4 c5 2. Nf3 d6 3. d4 cxd4 4. Nxd4 Nf6 5. f3 e6 6. c4 Be7 7. Nc3 Nc6 8. Be3
a6 9. Rc1 O-O 10. Be2 Bd7 11. O-O Nxd4 12. Bxd4 Bc6 13. Qb3 Nd7 14. Rfd1 Qa5
15. a3 Qg5 16. Bf2 Ne5 17. Kf1 Kh8 18. Qc2 Rac8 19. Bg3 Qf6 20. f4 Ng6 21. Qd2
e5 22. f5 Nf4 23. Bxf4 exf4 24. Qxf4 {suite illisible} 1-0

[Event "Saint Chély d'Aubrac Op"]
[Site "Saint Chély d'Aubrac"]
[Date "2004.07.19"]
[Round "3.7"]
[White "Pucher, Olivier"]
[Black "Collas, Didier"]
[Result "0-1"]
[WhiteElo "2294"]
[BlackElo "2422"]
[PlyCount "77"]
[EventDate "2004.07.??"]

1. d4 d5 2. c4 e6 3. Nf3 Nf6 4. g3 dxc4 5. Bg2 a6 6. O-O b5 7. Ne5 Nd5 8. e4
Nb6 9. b3 cxb3 10. axb3 Be7 11. Nc3 Bb7 12. Be3 O-O 13. Qg4 Bf6 14. Rad1 g6 15.
f4 Bg7 16. d5 exd5 17. Bxb6 cxb6 18. Nxd5 Bxd5 19. Rxd5 Qc8 20. Qh4 Qc3 21. Ng4
h5 22. Nf2 Nc6 23. Rfd1 Nd4 24. e5 Nf3+ 25. Bxf3 Qxf3 26. R5d3 Qe2 27. Rd7 Rac8
28. R1d2 Rc1+ 29. Kg2 Qf1+ 30. Kf3 Rc3+ 31. R2d3 Rxd3+ 32. Rxd3 Qc1 33. Kg2 a5
34. Qe7 Qc5 35. Qb7 a4 36. bxa4 bxa4 37. Ne4 Qc8 38. Qxb6 Qc2+ 39. Nf2 0-1

[Event "Saint Chély d'Aubrac Op"]
[Site "Saint Chély d'Aubrac"]
[Date "2004.07.19"]
[Round "3.8"]
[White "Hassler, Franck"]
[Black "Riff, Jean-Noel"]
[Result "0-1"]
[WhiteElo "2198"]
[BlackElo "2401"]
[PlyCount "70"]
[EventDate "2004.07.??"]

1. g3 g6 2. Bg2 Bg7 3. e4 d6 4. Nc3 Nf6 5. d4 O-O 6. Nge2 Nbd7 7. O-O e5 8. d5
a5 9. Nb5 Nc5 10. Nec3 Bd7 11. Qe2 Ne8 12. Be3 b6 13. Rae1 f5 14. exf5 Bxf5 15.
Bxc5 bxc5 16. Ne4 Rb8 17. a4 Bh6 18. Rd1 Bd7 19. b3 Ng7 20. Na3 Nf5 21. Nc4 Ra8
22. Qd3 Nd4 23. Rb1 Qc8 24. f3 Qa6 25. Rb2 Rf7 26. g4 Rb8 27. Qd1 Rff8 28. Qd3
Rb4 29. Rfb1 Bxa4 30. Nxe5 Bb5 31. c4 Be8 32. g5 Bxg5 33. Nxg5 dxe5 34. Ne4 Qb6
35. Qd1 Bd7 {suite illisible} 0-1

[Event "Saint Chély d'Aubrac Op"]
[Site "Saint Chély d'Aubrac"]
[Date "2004.07.19"]
[Round "3.9"]
[White "Voiska, Margarita"]
[Black "Hennemann, Xavier"]
[Result "1-0"]
[WhiteElo "2387"]
[BlackElo "2104"]
[PlyCount "91"]
[EventDate "2004.07.??"]

1. c4 e5 2. Nc3 Nc6 3. g3 g6 4. Bg2 Bg7 5. Rb1 f5 6. d3 Nf6 7. e3 d6 8. Nge2
Be6 9. Nd5 Rb8 10. b4 O-O 11. O-O Ne7 12. Nxf6+ Bxf6 13. b5 d5 14. c5 g5 15. f4
Ng6 16. fxe5 Bxe5 17. Qa4 Qd7 18. Nd4 f4 19. c6 bxc6 20. bxc6 Qe7 21. Ba3 Bd6
22. Bxd6 Qxd6 23. Rxb8 Rxb8 24. exf4 gxf4 25. Qxa7 Rb2 26. Nxe6 Qxe6 27. Qd4
Qe3+ 28. Qxe3 fxe3 29. Bxd5+ Kh8 30. Re1 Ne7 31. Be4 Rxa2 32. Rxe3 Rc2 33. Bxh7
Nxc6 34. Be4 Nd4 35. g4 Kg7 36. g5 c5 37. h4 c4 38. dxc4 Rxc4 39. Kf2 Ne6 40.
Kg3 Nc5 41. Bf5 Na4 42. h5 Rc3 43. h6+ Kh8 44. Bd3 Rc8 45. g6 Nb6 46. Re7 1-0

[Event "Saint Chély d'Aubrac Op"]
[Site "Saint Chély d'Aubrac"]
[Date "2004.07.19"]
[Round "3.11"]
[White "Prie, Eric"]
[Black "Seret, Jean-Luc"]
[Result "0-1"]
[WhiteElo "2441"]
[BlackElo "2351"]
[PlyCount "82"]
[EventDate "2004.07.??"]

1. d4 d6 2. Bg5 c6 3. c3 Nd7 4. Nd2 Ngf6 5. Ngf3 Qc7 6. e3 h6 7. Bh4 g5 8. Bg3
Nh5 9. Bd3 Bg7 10. a4 Ndf6 11. e4 Nxg3 12. hxg3 Bg4 13. Qc2 O-O-O 14. a5 a6 15.
Nc4 Kb8 16. Nb6 Bxf3 17. gxf3 h5 18. Qb3 e6 19. Ke2 Ka7 20. Nc4 Nd7 21. Ne3 Rh6
22. Qa2 h4 23. gxh4 Rdh8 24. Rhg1 Rxh4 25. Rxg5 Bh6 26. Rg2 Nf6 27. Ng4 Nh5 28.
Rh2 Rxh2 29. Nxh2 Nf4+ 30. Kd2 f5 31. exf5 Qh7 32. Qb1 Nxd3+ 33. Kxd3 Qxf5+ 34.
Ke2 Qb5+ 35. c4 Qxc4+ 36. Qd3 Qb4 37. b3 Bg7 38. Ra4 Qb5 39. Ng4 Rh1 40. Ne3
Rb1 41. Nc2 Rb2 0-1

[Event "Saint Chély d'Aubrac Op"]
[Site "Saint Chély d'Aubrac"]
[Date "2004.07.19"]
[Round "3.12"]
[White "Santo-Roman, Marc"]
[Black "Labarthe, Arnaud"]
[Result "1-0"]
[WhiteElo "2403"]
[BlackElo "2028"]
[PlyCount "81"]
[EventDate "2004.07.??"]

1. e4 d5 2. exd5 Nf6 3. Nf3 Qxd5 4. Nc3 Qd6 5. d4 a6 6. g3 Bg4 7. h3 Bxf3 8.
Qxf3 Nc6 9. Be3 e6 10. Bg2 Be7 11. O-O O-O 12. Rfd1 Qb4 13. Rab1 Rfd8 14. a3
Qa5 15. b4 Qf5 (15... Qxa3 16. Rb3) 16. Qxf5 exf5 17. d5 Ne5 18. d6 Bxd6 19.
Bxb7 Nc4 20. Bxa8 Rxa8 21. Bc1 Re8 22. Rd4 Ne5 23. Kg2 Ng6 24. Bd2 Be5 25. Rc4
Rd8 26. Rd1 Re8 27. Bg5 Bxc3 28. Rxc3 Ne4 29. Re3 f6 30. Bf4 Ne5 31. Bxe5 fxe5
32. Rd5 c6 33. Ra5 c5 34. f3 Nd6 35. Rxc5 e4 36. Rc6 exf3+ 37. Kxf3 Ne4 38.
Rxa6 g5 39. g4 Nd2+ 40. Ke2 Ne4 41. gxf5 1-0

[Event "Saint Chély d'Aubrac Op"]
[Site "Saint Chély d'Aubrac"]
[Date "2004.07.19"]
[Round "3.13"]
[White "Coste, Thierry"]
[Black "Strohmann, Matthieu"]
[Result "0-1"]
[WhiteElo "2149"]
[BlackElo "2000"]
[PlyCount "76"]
[EventDate "2004.07.??"]

1. e4 e5 2. Nf3 Nc6 3. Bc4 Bc5 4. c3 Nf6 5. d4 exd4 6. cxd4 Bb4+ 7. Nc3 Nxe4 8.
O-O Bxc3 9. d5 Bf6 10. Re1 Ne7 11. Rxe4 d6 12. Bg5 Bxg5 13. Nxg5 h6 14. Qe2
hxg5 15. Re1 Be6 16. dxe6 f6 17. Re3 Kf8 18. Rh3 Rxh3 19. gxh3 Qe8 20. Qe4 Kg8
21. Qxb7 Qc8 22. Qf3 Rb8 23. Bd3 Qe8 24. h4 gxh4 25. Rc1 c6 26. Rc4 Rb5 27.
Rxh4 Rg5+ 28. Kf1 Ng6 29. Bxg6 Qxg6 30. Qb3 Qb1+ 31. Ke2 Re5+ 32. Kd2 Qe1+ 33.
Kd3 Rd5+ 34. Rd4 Rxd4+ 35. Kxd4 Qxf2+ 36. Kd3 Qf3+ 37. Kc2 Qxb3+ 38. Kxb3 Kf8
0-1

[Event "Saint Chély d'Aubrac Op"]
[Site "Saint Chély d'Aubrac"]
[Date "2004.07.19"]
[Round "3.14"]
[White "Sivan, Michel"]
[Black "Milanovic, Dino"]
[Result "0-1"]
[WhiteElo "1984"]
[BlackElo "2149"]
[PlyCount "90"]
[EventDate "2004.07.??"]

1. e4 c5 2. Nc3 Nc6 3. Nf3 g6 4. d4 cxd4 5. Nxd4 Bg7 6. Be3 Nf6 7. Qd2 Ng4 8.
Nxc6 bxc6 9. Bd4 Bxd4 10. Qxd4 e5 11. Qc5 Qb6 12. Na4 Qxc5 13. Nxc5 d6 14. Nd3
f5 15. exf5 gxf5 16. h3 Nf6 17. f3 Nh5 18. g4 Ng3 19. Rg1 Nxf1 20. Rxf1 f4 21.
O-O-O Ba6 22. Rfe1 Bxd3 23. Rxd3 Ke7 24. h4 Ke6 25. c4 Rhc8 26. Kd2 a5 27. Rb3
Rcb8 28. Kc3 Rxb3+ 29. axb3 d5 30. Ra1 Kd6 31. Re1 Re8 32. Kd3 Re7 33. Re2 Kc5
34. cxd5 cxd5 35. Rc2+ Kd6 36. Re2 Rb7 37. Kc3 Rb4 38. g5 e4 39. h5 Ke5 40. g6
hxg6 41. hxg6 Kf6 42. Rd2 d4+ 43. Kc2 exf3 44. Rf2 Kxg6 45. Rxf3 Kf5 0-1

[Event "Saint Chély d'Aubrac Op"]
[Site "Saint Chély d'Aubrac"]
[Date "2004.07.19"]
[Round "3.15"]
[White "Uhoda, Philippe"]
[Black "Moutaux, Robert"]
[Result "1-0"]
[WhiteElo "2140"]
[BlackElo "1957"]
[PlyCount "59"]
[EventDate "2004.07.??"]

1. d4 Nf6 2. c4 g6 3. Nc3 Bg7 4. e4 d6 5. f4 c5 6. dxc5 dxc5 7. Qxd8+ Kxd8 8.
e5 Ng4 9. h3 Nh6 10. g4 f6 11. exf6 exf6 12. Be3 Re8 13. O-O-O+ Bd7 14. Bxc5 f5
15. Nb5 Na6 16. Bxa7 Re4 17. Bb6+ Ke7 18. Bd3 Rc8 19. Kb1 Bc6 {#} 20. Nd6 Rf8
21. Bxe4 fxe4 22. Ne2 Nf7 23. Nxf7 Rxf7 24. Rhe1 Ke6 25. Bd4 Bf8 26. a3 Nc5 27.
Bxc5 Bxc5 28. b4 Bf2 29. Rf1 e3 30. Nd4+ 1-0

[Event "Saint Chély d'Aubrac Op"]
[Site "Saint Chély d'Aubrac"]
[Date "2004.07.19"]
[Round "3.16"]
[White "Guidez, Thomas"]
[Black "Pucher, Sebastien"]
[Result "0-1"]
[WhiteElo "1892"]
[BlackElo "2135"]
[PlyCount "51"]
[EventDate "2004.07.??"]

1. e4 c5 2. Nf3 Nc6 3. c3 Nf6 4. e5 Nd5 5. Bc4 e6 6. d4 cxd4 7. Bxd5 exd5 8.
O-O d6 9. Re1 Be6 10. cxd4 dxe5 11. Nxe5 Bd6 12. Qa4 Qb6 13. Nc3 O-O 14. Nb5
Be7 15. Bf4 Rac8 16. Nxc6 bxc6 17. Nd6 Rcd8 18. Nxf7 Kxf7 19. Qc2 g6 20. Bh6
Rfe8 21. Qe2 Bf6 22. Qf3 Qxd4 23. Rad1 Bg4 24. Rxe8 Rxe8 25. Qb3 Bxd1 26. Be3
0-1